| 000 | 00753 a2200217 4500 | ||
|---|---|---|---|
| 005 | 20260416112110.0 | ||
| 008 | 260416b |||||||| |||| 00| 0 eng d | ||
| 020 | _a9783031386381 (hbk) | ||
| 037 | _cTB | ||
| 040 |
_aCRL _cCRL |
||
| 041 |
_2eng _aeng |
||
| 084 |
_aX62:77.6 R3 _qCRL |
||
| 100 |
_aAbor, Joshua Yindenaba _9846968 |
||
| 245 |
_aChanging role of national development banks in Africa : _bBusiness models governance and sustainability |
||
| 260 |
_bPalgrave Macmillian, _c2023. _aSwitzerland: |
||
| 300 | _a480p. | ||
| 365 |
_b13992.12 _cINR |
||
| 650 |
_aBanks and Banking _9170034 |
||
| 942 |
_cTB _2CC _hX62:77.6 R3 |
||
| 999 |
_c1464289 _d1464289 |
||